ბათუმის შოთა რუსთაველის სახელმწიფო უნივერსიტეტის ბიბლიოთეკა

პროცესი = Process : (ბიბ.ჩანაწერი № 46909)

000 -ლიდერი
ფიქსირებული სიგრძის საკონტროლო ველი 01082nam a2200229Ia 4500
001 - საკონტროლო ნომერი
საკონტროლო ველი 13762
003 - საკონტროლო ნომრის იდენტიფიკატორი
საკონტროლო ველი GE_BSU
005 - ბოლო ოპერაციის თარიღი და დრო
საკონტროლო ველი 20241010114138.0
008 - ფიქსირებული სიგრძის მონაცემთა ელემენტები - ზოგადი ინფორმაცია
ფიქსირებული სიგრძის საკონტროლო ველი 181216s2010||||ge |||||||||||||| ||geo||
040 ## - კატალოგიზაციის წყარო
Transcribing agency GE_BSU
041 ## - ენის კოდი
Language code of text/sound track or separate title geo
080 ## - უნივერსალური ათობითი კლასიფიკაციის ინდექსი
Universal Decimal Classification number 72.071.1(479.22)+721.012(479.22) დ-15
100 ## - მთავარი ჩანაწერი - პიროვნების სახელი
Personal name დავითაია, ვახტანგ
9 (RLIN) 15482
245 ## - ცნობა სათაურის შესახებ
Title პროცესი = Process :
Remainder of title [ალბომი] /
Statement of responsibility, etc ვახტანგ დავითაია.
264 ## - წარმოების, გამოცემის, დისტრიბუციის და სხვა ცნობები
გამოცემის, წარმოების, დისტრიბუციის... ადგილი თბილისი :
გამოცემის, წარმოების, დისტრიბუციის... სახელწოდება ომეგა თეგი,
გამოცემის, წარმოების, დისტრიბუციის... თარიღი 2010.
300 ## - ფიზიკური აღწერა
Extent 320 გვ. :
Other physical details ილ. ;
Dimensions 23 სმ.
500 ## - ზოგადი შენიშვნა
General note თავფურ., ტექსტი, გარეკანი ქართ. და ინგლ.
თავფურცელზე: ავტორის მინაწერი P 33.040/3
653 ## - INDEX TERM--UNCONTROLLED
Uncontrolled term პროცესი = Process
653 ## - INDEX TERM--UNCONTROLLED
Uncontrolled term ქართველი არქიტექტორები
653 ## - INDEX TERM--UNCONTROLLED
Uncontrolled term არქიტექტურულ-სამშენებლო დაპროექტება
942 ## - ADDED ENTRY ELEMENTS (KOHA)
Koha item type წიგნი
Source of classification or shelving scheme
ეგზემპლარები
ჩამოწერის სტატუსი დაკარგული ეგზემპლარის სტატუსი კლასიფიკაციის წყარო ან თაროზე გაწყობის სქემა დაზიანების სტატუსი არ გაიცემა მუდმივი მდებარეობა (დაცვის ადგილი) ამჟამინდელი ადგილსამყოფელი თაროზე განთავსების ადგილი შეძენის თარიღი სრული შენახვის შიფრი შტრიხკოდი ბოლო ოპერაციის თარიღი ეგზემპლარის მიმდევრობითი ნომერი (კეტერი?) ფასის ძალაში შესვლის თარიღი ეგზემპლარის სახეობა
          ბათუმის შოთა რუსთაველის სახელმწიფო უნივერსიტეტის მთავარი ბიბლიოთეკა ბათუმის შოთა რუსთაველის სახელმწიფო უნივერსიტეტის მთავარი ბიბლიოთეკა წიგნსაცავი 2018-12-17 72.071.1(479.22)+721.012(479.22) დ-15 27278 2018-12-17 27278 2018-12-17 წიგნი